000 00320nam a2200121Ia 4500
008 240731s9999 xx 000 0 und d
022 _a1658-3655
245 0 _aJournal of Taibah University for Science
260 _bTaylor & Francis
856 _uhttps://www.tandfonline.com/loi/tusc20
942 _2ddc
942 _cTFEJ
999 _c78209
_d78209
945 _a1
_bMadushi Gamage
_c1
_dMadushi Gamage